Súčasný charakter ekonomického vývoja Nemecka

Vývoj SRN po zániku socialistického zriadenia v roku 1989. Súčasná hospodárska situácia SRN. Porovnanie ekonomík západného a východného Nemecka. Podpora rekonštrukcie hospodárstva v nových spolkových krajinách. Významná úloha štátu v nemeckom hospodárstve. Prognózy vývoja ekonomiky SRN.

Enregistré dans:
Détails bibliographiques
Auteur principal: Oberhauser, Ján Artur
Format: Chapitre de livre
Langue:slovaque
Sujets:
Tags: Ajouter un tag
Pas de tags, Soyez le premier à ajouter un tag!

MARC

LEADER 00000naa a2200000 4500
001 r034184
005 20230824100333.4
041 0 |a slo 
044 |a SK 
245 1 0 |a Súčasný charakter ekonomického vývoja Nemecka  |c Ján Artur Oberhauser 
520 |a Vývoj SRN po zániku socialistického zriadenia v roku 1989. Súčasná hospodárska situácia SRN. Porovnanie ekonomík západného a východného Nemecka. Podpora rekonštrukcie hospodárstva v nových spolkových krajinách. Významná úloha štátu v nemeckom hospodárstve. Prognózy vývoja ekonomiky SRN. 
610 2 0 |a situácia hospodárska 
610 2 0 |a rozvoj hospodársky 
610 2 0 |a Nemecko 
610 2 0 |a produkt domáci hrubý 
610 2 0 |a investície súkromné 
610 2 0 |a štát 
610 2 0 |a vývoz 
610 2 0 |a krajiny vyspelé 
100 1 |a Oberhauser, Ján Artur